书目信息 |
| 题名: |
孤影奇行
|
|
| 作者: | 刘欣欣 编著 | |
| 分册: | ||
| 出版信息: | 上海 上海教育出版社 2002.11 |
|
| 页数: | 172页 | |
| 开本: | 19cm | |
| 丛书名: | ||
| 单 册: | ||
| 中图分类: | J331 | |
| 科图分类: | ||
| 主题词: | 雕塑--世界 , 雕塑--各国 | |
| 电子资源: | ||
| ISBN: | 7-5320-8341-1 | |
| 000 | 00645nam0 2200229 450 | |
| 001 | 0859045001 | |
| 005 | 20080106162503.07 | |
| 010 | @a7-5320-8341-1@dCNY18.00 | |
| 100 | @a20080106d2002 km y0chiy0120 ea | |
| 101 | 0 | @achi |
| 102 | @aCN@b310000 | |
| 200 | 1 | @a孤影奇行@Agu ying qi xing@f(日)刘欣欣编著@F(ri)liu xin xin bian zhu |
| 210 | @a上海@c上海教育出版社@d2002.11 | |
| 215 | @a172页@d19cm | |
| 300 | @a刘欣欣说日本 1 | |
| 606 | 0 | @a雕塑@x世界 |
| 606 | 0 | @a雕塑@y各国 |
| 690 | @aJ331@v4 | |
| 701 | 0 | @a刘欣欣@Aliu xin xin@4编著 |
| 801 | 0 | @aCN@b大连网信软件有限公司图书馆@c20080106 |
| 905 | @aBZT@dJ331@e2 | |
| 906 | @dCNY18.00@n0@r1 | |
| 孤影奇行/(日)刘欣欣编著.-上海:上海教育出版社,2002.11 |
| 172页;19cm |
| 刘欣欣说日本 1 |
| ISBN 7-5320-8341-1:CNY18.00 |
| ● |
| 相关链接 |
|
|
|
正题名:孤影奇行
索取号:J331/2
 
预约/预借
| 序号 | 登录号 | 条形码 | 馆藏地/架位号 | 状态 | 备注 |
| 1 | 619455 | 2000619455 | 中心书库中库/ 中库018架B面7列6层11/ [索取号:J331/2] | 在馆 | |
| 2 | 619456 | 2000619456 | 中心书库中库/ 中库018架B面7列6层17/ [索取号:J331/2] | 在馆 | |
| 3 | 619457 | 2000619457 | 中心书库中库/ 中库018架B面7列6层1/ [索取号:J331/2] | 在馆 | |
| 4 | 619458 | 2000619458 | 中心书库中库/ 中库018架B面7列6层12/ [索取号:J331/2] | 在馆 | |
| 5 | 619459 | 2000619459 | 中心书库中库/ 中库018架B面7列6层14/ [索取号:J331/2] | 在馆 | |
| 6 | 619460 | 2000619460 | 中心书库中库/ 中库018架B面7列6层13/ [索取号:J331/2] | 在馆 | |
| 7 | 619461 | 2000619461 | 中心书库中库/ 中库018架B面7列6层9/ [索取号:J331/2] | 在馆 | |
| 8 | 619462 | 2000619462 | 中心书库中库/ 中库018架B面7列6层16/ [索取号:J331/2] | 在馆 | |
| 9 | 619463 | 2000619463 | 中心书库中库/ 中库018架B面7列6层10/ [索取号:J331/2] | 在馆 | |
| 10 | 619464 | 2000619464 | 中心书库中库/ 中库018架B面7列6层15/ [索取号:J331/2] | 在馆 |